<?xml version="1.0" encoding="UTF-8"?>
<collection xmlns="http://www.loc.gov/MARC21/slim">
<record>
  <controlfield tag="001">169836</controlfield>
  <controlfield tag="005">20260304131019.0</controlfield>
  <datafield tag="037" ind1=" " ind2=" ">
    <subfield code="a">TAZ-TFG-2025-4708</subfield>
  </datafield>
  <datafield tag="041" ind1=" " ind2=" ">
    <subfield code="a">spa</subfield>
  </datafield>
  <datafield tag="100" ind1="1" ind2=" ">
    <subfield code="a">Zuazu Larumbe, Mercedes</subfield>
  </datafield>
  <datafield tag="242" ind1="0" ind2="0">
    <subfield code="a">Between Light and Shade: The Impact of Photovoltaic Plants on Natural Vegetation</subfield>
  </datafield>
  <datafield tag="245" ind1="0" ind2="0">
    <subfield code="a">Entre la luz y la sombra: el impacto de las plantas fotovoltaicas en la vegetación natural</subfield>
  </datafield>
  <datafield tag="260" ind1=" " ind2=" ">
    <subfield code="a">Zaragoza</subfield>
    <subfield code="b">Universidad de Zaragoza</subfield>
    <subfield code="c">2025</subfield>
  </datafield>
  <datafield tag="506" ind1=" " ind2=" ">
    <subfield code="a">by-nc-sa</subfield>
    <subfield code="b">Creative Commons</subfield>
    <subfield code="c">3.0</subfield>
    <subfield code="u">http://creativecommons.org/licenses/by-nc-sa/3.0/</subfield>
  </datafield>
  <datafield tag="520" ind1=" " ind2=" ">
    <subfield code="a">La creciente implantación de plantas solares fotovoltaicas en España pretende avanzar hacia un modelo energético más sostenible, alineado con los compromisos internacionales frente al cambio climático y los Objetivos de Desarrollo Sostenible (ODS). Sin embargo, este desarrollo plantea interrogantes sobre su interacción en los ecosistemas, especialmente en ambientes semiáridos como la Depresión del Ebro. En este contexto, este trabajo tiene como objetivo evaluar la influencia de la sombra proyectada por los paneles solares sobre la cobertura vegetal en cinco parques fotovoltaicos localizados en los municipios de Chiprana (parques de Ribagrande, Logro y Valdelagua), Escatrón (Escatrón) y Samper de la Calanda (Esplendor) (Aragón, España). Para ello, se realizó un muestreo mediante transectos en las áreas entre los paneles. Se obtuvo la cobertura vegetal y se relacionó con la insolación calculada mediante análisis espacial. Los datos se analizaron estadísticamente mediante pruebas de comparación de medias (t de Student) y análisis de varianza (ANOVA) para evaluar la significancia de las diferencias entre condiciones de sombra y sol en cada parque y en el conjunto del complejo. Los resultados mostraron un patrón heterogéneo. En el parque de Ribagrande se observó una mayor cobertura en las zonas con mayor insolación, mientras que en Valdelagua la sombra proyectada por los paneles favoreció la cobertura vegetal. En los otros tres parques (Escatrón, Esplendor y Logro) no se encontraron diferencias significativas entre las zonas bajo sombra y las expuestas a la insolación. El análisis ANOVA confirmó diferencias estadísticamente significativas en dos de las instalaciones, mientras que en el resto el efecto de la sombra resultó neutro. Estos resultados confirman que el efecto de la sombra no es uniforme entre instalaciones y depende del contexto local de cada parque, influido por factores como la litología, el tipo de suelo, la disponibilidad hídrica, los usos del territorio y las prácticas de manejo previas. La variabilidad observada en los cinco parques coincide con la complejidad descrita para los ecosistemas semiáridos, donde pequeñas diferencias edáficas o microclimáticas pueden generar respuestas contrastadas en la vegetación. En conjunto, este estudio muestra que la interacción entre plantas fotovoltaicas y vegetación en ambientes semiáridos es compleja y está modulada por múltiples factores ambientales. Los hallazgos ponen de manifiesto la importancia de integrar criterios ecológicos en la planificación y gestión de instalaciones solares, con el fin de compatibilizar la producción de energía renovable con la conservación de la biodiversidad. Asimismo, las limitaciones detectadas como la falta de datos directos de humedad del suelo o de información sobre composición florística señalan la necesidad de ampliar las variables en futuros estudios para comprender mejor los procesos ecológicos asociados al sombreado en estos sistemas.&lt;br /></subfield>
  </datafield>
  <datafield tag="521" ind1=" " ind2=" ">
    <subfield code="a">Graduado en Ciencias Ambientales</subfield>
  </datafield>
  <datafield tag="540" ind1=" " ind2=" ">
    <subfield code="a">Derechos regulados por licencia Creative Commons</subfield>
  </datafield>
  <datafield tag="653" ind1="1" ind2=" ">
    <subfield code="a">Energía fotovoltaica</subfield>
  </datafield>
  <datafield tag="653" ind1="1" ind2=" ">
    <subfield code="a">Cobertura vegetal</subfield>
  </datafield>
  <datafield tag="653" ind1="1" ind2=" ">
    <subfield code="a">Sombra</subfield>
  </datafield>
  <datafield tag="653" ind1="1" ind2=" ">
    <subfield code="a">Semiárido</subfield>
  </datafield>
  <datafield tag="653" ind1="1" ind2=" ">
    <subfield code="a">Impacto ambiental</subfield>
  </datafield>
  <datafield tag="856" ind1="0" ind2=" ">
    <subfield code="f">849223@celes.unizar.es</subfield>
  </datafield>
  <datafield tag="856" ind1="4" ind2=" ">
    <subfield code="s">1878023</subfield>
    <subfield code="u">http://zaguan.unizar.es/record/169836/files/TAZ-TFG-2025-4708.pdf</subfield>
    <subfield code="y">Memoria (spa)</subfield>
  </datafield>
  <datafield tag="909" ind1="C" ind2="O">
    <subfield code="o">oai:zaguan.unizar.es:169836</subfield>
    <subfield code="p">driver</subfield>
    <subfield code="p">trabajos-fin-grado</subfield>
  </datafield>
  <datafield tag="950" ind1=" " ind2=" ">
    <subfield code="a"></subfield>
  </datafield>
  <datafield tag="691" ind1=" " ind2=" ">
    <subfield code="a">7 9</subfield>
  </datafield>
  <datafield tag="692" ind1=" " ind2=" ">
    <subfield code="a">Este trabajo se centra en el ODS 7 “Energía asequible y no contaminante”. En concreto en la meta 7.a, ya que se centra en investigar el efecto que tiene un tipo de energía renovable (la fotovoltaica) sobre el medio ambiente y pretende aportar soluciones o servir de guía para encontrar posteriores soluciones. Además, en este documento se recoge la importancia que tienen las energías renovables. Los objetivos 9 “Industria, innovación e infraestructura” y 15 “Vida de ecosistemas terrestres” también se relacionan con este trabajo. En concreto la meta 9.4 que pretende modernizar las infraestructuras y reconvertir las industrias para que sean más sostenibles. Y la meta 15.1, que tiene por objetivo velar por la conservación y realizar un uso sostenible de los ecosistemas terrestres. Este documento puede servir de guía para diseñar nuevas infraestructuras de paneles solares de forma que afecten menos al crecimiento de la vegetación y que, por lo tanto, favorezcan el uso sostenible de los ecosistemas terrestres.</subfield>
  </datafield>
  <datafield tag="700" ind1=" " ind2=" ">
    <subfield code="a">Tormo Blanes, Jaume</subfield>
    <subfield code="e">dir.</subfield>
  </datafield>
  <datafield tag="710" ind1="2" ind2=" ">
    <subfield code="a">Universidad de Zaragoza</subfield>
    <subfield code="b">Ciencias Agrarias y del Medio Natural</subfield>
    <subfield code="c">Ecología</subfield>
  </datafield>
  <datafield tag="980" ind1=" " ind2=" ">
    <subfield code="a">TAZ</subfield>
    <subfield code="b">TFG</subfield>
    <subfield code="c">EPSHUES</subfield>
  </datafield>
  <datafield tag="999" ind1=" " ind2=" ">
    <subfield code="a">20251121124844.CREATION_DATE</subfield>
  </datafield>
  <datafield tag="951" ind1=" " ind2=" ">
    <subfield code="a">deposita:2026-03-04</subfield>
  </datafield>
</record>
</collection>